000
00272nam a22001337a 4500
999
_c
528438
_d
528438
003
NUST
038
_a
MSOHAIL
082
_a
0
100
_a
AASHTO
_9
20240
245
_a
Elastic and Fatigue behaviour
260
_a
USA
_b
AASHTO
_c
1979
300
_a
57,p;
942
_2
ddc
_c
BK